000 00201nam a2200085Ia 4500
008 250605s9999 xx 000 0 und d
041 _aeng
100 _aEashani Batra
245 _aMEFCOM Capital Markets Ltd
999 _c44275
_d44275